000 00506nam a22001577a 4500
005 20251122141856.0
008 251122b |||||||| |||| 00| 0 eng d
020 _a0882661280
050 _aTH7413
_b.C35
100 _aCampbell, Stu
245 _aBuild Your Own Solar Water Heater
_cStu Campbell with Douglas Taff, illustrations by Robert Vogel
260 _aCharlotte, Vermont
_bGarden Way Publishing
_c1981
300 _aviii. 109p.
_bill. some color
_c28cm
700 _aTaff, Douglas
942 _2lcc
_cBK
_n0
999 _c8332
_d8332